|
|
|
|
| LEADER |
01197nam a2200265 a 4500 |
| 001 |
7092827 |
| 008 |
110120s2010 gw a b 001 0 eng d |
| 040 |
|
|
|a GW5XE
|b eng
|c GW5XE
|d NIC
|d BD-DhAAL
|
| 020 |
|
|
|a 9783642024924
|
| 020 |
|
|
|a 9783642024931
|
| 020 |
|
|
|a 3642024939
|
| 082 |
0 |
4 |
|a 621.319/1
|2 22
|
| 245 |
0 |
0 |
|a Handbook of power systems I /
|c Steffen Rebennack... [et al.], editors.
|
| 260 |
|
|
|a Berlin ;
|a Heidelberg :
|b Springer,
|c c2010.
|
| 300 |
|
|
|a xx, 494 p. :
|b ill. ;
|c 24 cm.
|
| 490 |
1 |
|
|a Energy systems
|
| 504 |
|
|
|a Includes bibliographical references and index.
|
| 541 |
1 |
|
|e 00021741
|
| 650 |
|
0 |
|a Electric power systems
|v Handbooks, manuals, etc.
|
| 700 |
1 |
|
|a Rebennack, Steffen.
|
| 830 |
|
0 |
|a Energy systems.
|
| 852 |
|
|
|a Ayesha Abed Library
|c General Shelf.
|
| 999 |
|
|
|c 10376
|d 10376
|
| 952 |
|
|
|0 0
|1 0
|2 ddc
|4 0
|6 621_319100000000000_HAN
|7 0
|9 14150
|a BRACUL
|b BRACUL
|c GEN
|d 2011-01-23
|e Karim International
|g 12700.00
|l 1
|m 1
|o 621.3191 HAN
|p 3010021741
|r 2013-10-06
|s 2013-09-24
|t 1
|w 2011-01-23
|y BK
|
| 952 |
|
|
|0 0
|1 0
|2 ddc
|4 0
|6 621_319100000000000_HAN
|7 0
|9 14390
|a BRACUL
|b BRACUL
|c GEN
|d 2011-02-23
|e Karim International
|g 12700.00
|l 3
|m 3
|o 621.3191 HAN
|p 3010021962
|r 2015-02-14
|s 2015-01-24
|t 2
|w 2011-02-23
|y BK
|